000 00521nam a2200217Ia 4500
999 _c66207
_d66207
003 0100
005 20180301152926.0
008 130303s9999 xx 000 0 und d
040 _cARRUPELIB
050 _aDT864.T4
100 _aTew, Mary
_940081
245 _aPeoples of the Lake Nyasa region /
260 _aLondon
_bOxford University press
_c1950
300 _a131p.
300 _b 22cm
440 _aEthnographic survey of Africa
_932309
650 _aEthnology
_zNyasaland
_940063
650 _aNyasa, Lake
_940050
942 _2lcc
_cMONOGRAPH